| 000 | 00538nam a2200169 4500 | ||
|---|---|---|---|
| 001 | 136920 | ||
| 003 | ES-MaACL | ||
| 005 | 20230906195248.0 | ||
| 007 | t| | ||
| 008 | 070214s1973 sp r ||||1| spa d | ||
| 100 | 1 |
_aSaint-Arnaud, Yves. _9101511 |
|
| 245 | 1 | 0 |
_aEnsayo sobre los fundamentos psicológicos de la comunidad / _cYves Saint-Arnaud ; traducción de Juan Viola Galindo. |
| 260 |
_aMadrid : _bAtenas, _c1973. |
||
| 300 |
_a104 p. ; _c18 cm. |
||
| 700 | 1 |
_aViola Galindo, Juan. _9115411 |
|
| 852 |
_aES-MaACL _jC-55742 _bR.88163 |
||
| 999 |
_c136920 _d136920 |
||